Fiber optics (Record no. 194671)
[ view plain ]
| 000 -LEADER | |
|---|---|
| fixed length control field | 00520 a2200157 4500 |
| 003 - CONTROL NUMBER IDENTIFIER | |
| control field | Nust |
| 005 - DATE AND TIME OF LATEST TRANSACTION | |
| control field | 20170207154200.0 |
| 040 ## - CATALOGING SOURCE | |
| Transcribing agency | Nust |
| 082 ## - DEWEY DECIMAL CLASSIFICATION NUMBER | |
| Classification number | 621.3827 |
| 245 ## - TITLE STATEMENT | |
| Title | Fiber optics |
| Statement of responsibility, etc. | Heathkit Educational systems |
| 260 ## - PUBLICATION, DISTRIBUTION, ETC. | |
| Place of publication, distribution, etc. | Michigan |
| Name of publisher, distributor, etc. | Heath Co. |
| Date of publication, distribution, etc. | 1953 |
| 300 ## - PHYSICAL DESCRIPTION | |
| Extent | Various pages |
| 505 ## - FORMATTED CONTENTS NOTE | |
| Formatted contents note | Optical Energy (Page-1-1) Optical Fibers (Page-2-1) Fiber Optic Light Sources (Page-3-1) Fiber Optic Receivers (Page-4-1) Fiber Optic Systems (Page-5-1) |
| 538 ## - SYSTEM DETAILS NOTE | |
| System details note | Almirah No.132 and Shelf No.1 |
| 650 ## - SUBJECT ADDED ENTRY--TOPICAL TERM | |
| Topical term or geographic name entry element | Fiber optics |
| 942 ## - ADDED ENTRY ELEMENTS (KOHA) | |
| Source of classification or shelving scheme | |
| Koha item type | Book |
| Withdrawn status | Lost status | Source of classification or shelving scheme | Damaged status | Not for loan | Collection code | Permanent Location | Current Location | Date acquired | Total Checkouts | Full call number | Barcode | Date last seen | Price effective from | Koha item type |
|---|---|---|---|---|---|---|---|---|---|---|---|---|---|---|
| Military College of Signals (MCS) | Military College of Signals (MCS) | 12/12/2016 | 621.3827 OPT | MCS11846 | 12/08/2016 | 12/12/2016 | Book | |||||||
| Military College of Signals (MCS) | Military College of Signals (MCS) | 12/12/2016 | 621.3827 OPT | MCS11849 | 12/08/2016 | 12/12/2016 | Book | |||||||
| Military College of Signals (MCS) | Military College of Signals (MCS) | 12/12/2016 | 621.3827 OPT | MCS11858 | 12/08/2016 | 12/12/2016 | Book | |||||||
| Military College of Signals (MCS) | Military College of Signals (MCS) | 12/12/2016 | 621.3827 OPT | MCS11859 | 12/08/2016 | 12/12/2016 | Book |
